Normal view
MARC view
Entry Término temático
001 - NÚMERO DE CONTROL
- campo de control: 88852
003 - IDENTIFICADOR DEL NÚMERO DE CONTROL
- campo de control: BNPHU
005 - FECHA Y HORA DE LA ÚLTIMA TRANSACCIÓN
- campo de control: 20251209110730.0
008 - DATOS DE LONGITUD FIJA
- campo de control de longitud fija: 251209|| aza||babn | a|a d
010 ## - NÚMERO DE CONTROL DE LA BIBLIOTECA DEL CONGRESO
- Número de control de LC: sh 85041558
040 ## - FUENTE DE LA CATALOGACIÓN
- Centro catalogador/agencia de origen: DO-SdBNP
- Lengua de catalogación: spa
- Centro/agencia transcriptor: BNPHU
- Normas de descripción: rda
150 ## - ENCABEZAMIENTO--TÉRMINO DE MATERIA
- Término de materia o nombre geográfico como elemento de entrada: Elecciones
- Subdivisión general: Prácticas corruptas
450 ## - TRAZADO DE VÉASE--TÉRMINO DE MATERIA
- Término de materia o nombre geográfico como elemento de entrada: Elections
- Subdivisión general: Corrupt practices
550 ## - TRAZADO VÉASE ADEMÁS--TÉRMINO DE MATERIA
- Término de materia o nombre geográfico como elemento de entrada: Intimidación de votantes
- Subcampo de control: h
670 ## - FUENTE DE DATOS ENCONTRADOS
- Identificador Uniforme del Recurso: https://librunam.dgb.unam.mx:8443/F/37E7YQUF2VS2P3UTCJ4594R6HBI2FXFUG6U782PETEUH4GUEEF-19139?func=full-set-set&set_number=001540&set_entry=000001&format=001 Consultado en 09 de Diciembre, 2025
750 ## - ENTRADA DE ENLACE DE ENCABEZAMIENTO ESTABLECIDO--TÉRMINO DE MATERIA
- Número de control del registro de autoridad o número normalizado: sh 85041558
- Término de materia o nombre geográfico como elemento de entrada: Elections |
- Subdivisión general: Corrupt practices
